Sociálne podniky z pohľadu aktuálnej daňovej legislatívy
Použitie zisku po zdanení a úľavy na dani z príjmu na dosiahnutie hlavného cieľa sociálneho podniku („socializácia zisku“). Znížená sadzba dane z pridanej hodnoty pre registrované sociálne podniky. Príklady z praxe k sociálnym podnikom.
Guardado en:
| Autor principal: | |
|---|---|
| Formato: | Capítulo de libro |
| Lenguaje: | eslovaco |
| Materias: | |
| Etiquetas: |
Sin Etiquetas, Sea el primero en etiquetar este registro!
|
MARC
| LEADER | 00000naa a2200000 4500 | ||
|---|---|---|---|
| 001 | 0306379 | ||
| 005 | 20250121150410.9 | ||
| 041 | 0 | |a slo | |
| 044 | |a SK | ||
| 245 | 1 | 0 | |a Sociálne podniky z pohľadu aktuálnej daňovej legislatívy |c Peter Mészáros |
| 520 | |a Použitie zisku po zdanení a úľavy na dani z príjmu na dosiahnutie hlavného cieľa sociálneho podniku („socializácia zisku“). Znížená sadzba dane z pridanej hodnoty pre registrované sociálne podniky. Príklady z praxe k sociálnym podnikom. | ||
| 610 | 2 | 0 | |a podnik sociálny |
| 610 | 2 | 0 | |a podnikanie sociálne |
| 610 | 2 | 0 | |a dane z hodnoty pridanej |
| 610 | 2 | 0 | |a dane z príjmov |
| 610 | 2 | 0 | |a úľavy daňové |
| 610 | 2 | 0 | |a zákony |
| 610 | 2 | 0 | |a legislatíva |
| 610 | 2 | 0 | |a právo daňové |
| 100 | 1 | |a Mészáros, Peter | |